Every Country to win a Paralympic Medal: Sailing - Statistics

General Stats
  • This quiz has been taken 5 times
  • The average score is 5 of 10
Answer Stats
# of Medals Country % Correct
7 Australia
80%
6 Canada
80%
4 France
80%
4 Great Britain
80%
8 USA
80%
5 Germany
40%
1 Norway
40%
1 Denmark
0%
1 Israel
0%
1 Netherlands
0%
No matching quizzes found
Score Distribution
Percent of People with Each Score
Percentile by Number Answered
Your Score History
You have not taken this quiz